Uratemp Ventures Ltd v Collins and Carrell (Record no. 68572)
[ view plain ]
| 000 -LEADER | |
|---|---|
| fixed length control field | 01676cam a2200253 4500 |
| 001 - CONTROL NUMBER | |
| control field | ABS64697 |
| 008 - FIXED-LENGTH DATA ELEMENTS--GENERAL INFORMATION | |
| fixed length control field | 011016n2001 000 0 eng u |
| 035 ## - SYSTEM CONTROL NUMBER | |
| System control number | (Sirsi) u115136 |
| 245 ## - TITLE STATEMENT | |
| Title | Uratemp Ventures Ltd v Collins and Carrell |
| 260 ## - PUBLICATION, DISTRIBUTION, ETC. | |
| Date of publication, distribution, etc. | 2001 |
| 490 ## - SERIES STATEMENT | |
| Series statement | Weekly Law Reports |
| Volume/sequential designation | [2001] 3 WLR 806-823(18) |
| 520 ## - SUMMARY, ETC. | |
| Summary, etc. | HL 11 October 2001. Concerned with whether a single room in a hotel with no cooking facilities constituted a dwelling under the terms of the Housing Act 1988 s1(1).The first defendant Collins (X) appealed against the CA decision allowing the claimant U's appeal against the HC ruling that both X and second defendant Carrell (Y) were assured tenants of their rooms. The HL held that the presence or absence of cooking facilities was irrelevant to the issue of exclusive occupation. On the grounds that a single room was capable of being regarded as a 'separate dwelling' in accordance with the Housing Act 1988 1(1) it was held that the X and Y's occupation of their rooms were as assured tenants and not by way of a licence. Appeal allowed. CA decision reversed. Copy of HL judgement available on http://www.parliament.the-stationery-office.co.uk/pa/ld200102/ldjudgmt/jd011011/uratem-1.htm. |
| 590 ## - LOCAL NOTE (RLIN) | |
| Local note | ABS |
| 650 ## - SUBJECT ADDED ENTRY--TOPICAL TERM | |
| Topical term or geographic name entry element | URATEMP VENTURES LTD V COLLINS AND CARRELL |
| 650 ## - SUBJECT ADDED ENTRY--TOPICAL TERM | |
| Topical term or geographic name entry element | DWELLING HOUSE |
| 650 ## - SUBJECT ADDED ENTRY--TOPICAL TERM | |
| Topical term or geographic name entry element | HOTEL ROOM |
| 650 ## - SUBJECT ADDED ENTRY--TOPICAL TERM | |
| Topical term or geographic name entry element | ASSURED TENANCIES |
| 650 ## - SUBJECT ADDED ENTRY--TOPICAL TERM | |
| Topical term or geographic name entry element | LICENCES |
| 650 ## - SUBJECT ADDED ENTRY--TOPICAL TERM | |
| Topical term or geographic name entry element | HOUSING ACT 1988 |
| 650 ## - SUBJECT ADDED ENTRY--TOPICAL TERM | |
| Topical term or geographic name entry element | EXCLUSIVE OCCUPATION |
| 690 ## - LOCAL SUBJECT ADDED ENTRY--TOPICAL TERM (OCLC, RLIN) | |
| Topical term or geographic name as entry element | LANDLORD AND TENANT-CASE LAW-RESIDENTIAL TENANCIES |
| 856 ## - ELECTRONIC LOCATION AND ACCESS | |
| Uniform Resource Identifier | <a href="https://www.parliament.the-stationery-office.co.uk/pa/ld200102/ldjudgmt/jd011011/uratem-1.htm">https://www.parliament.the-stationery-office.co.uk/pa/ld200102/ldjudgmt/jd011011/uratem-1.htm</a> |
| 942 ## - ADDED ENTRY ELEMENTS (KOHA) | |
| Suppress in OPAC | 0 |
| Withdrawn status | Lost status | Source of classification or shelving scheme | Damaged status | Not for loan | Home library | Current library | Shelving location | Date acquired | Total Checkouts | Full call number | Barcode | Date last seen | Copy number | Price effective from | Koha item type |
|---|---|---|---|---|---|---|---|---|---|---|---|---|---|---|---|
| Dewey Decimal Classification | London | London | Journals | 16/10/2001 | ABS64697 | 115136-1001 | 06/08/2019 | 1 | 06/08/2019 | Law report |